| 000 | 00925nas a2200301 4500 | ||
|---|---|---|---|
| 001 | BR2012002238 | ||
| 003 | BR-BrBNA | ||
| 005 | 20231205120446.0 | ||
| 007 | ta | ||
| 008 | 230509b bl.|||p| |||| 00| 00por d | ||
| 040 |
_aBR-BrBNA _bpor _cBiblioteca Nacional de Agricultura |
||
| 041 | _a(Pt) | ||
| 072 | _aE50; P05; P06 | ||
| 100 | 1 | _aCarvalho, S.P. de | |
| 100 | 1 | _aMarin, J.O.B. | |
| 245 | 1 | _aAgricultura Familiar e Agroindústria Canavieira: impasses sociais | |
| 650 | _aPOLÍTICA SOCIAL | ||
| 650 | _aSOCIOLOGIA RURAL | ||
| 650 | _aAGROINDÚSTRIA | ||
| 650 | _aAGRICULTURA FAMILIAR | ||
| 650 | _aCANA DE AÇÚCAR | ||
| 650 | _aBIOMASSA | ||
| 650 | _aCULTURA ENERGÉTICA | ||
| 650 | _aCOMBUSTÍVEL | ||
| 773 | 0 |
_tRevista de Economia e Sociologia Rural (Brazil) _xISSN 0103-2003 _g(Jul-Sep 2011), v. 39(3) p. 681-708 _wBR2012002238 |
|
| 909 |
_a202311 _bLúcia _c55 _dLúcia Elande |
||
| 942 |
_2AGRIS _n0 _cANA |
||
| 999 |
_c218608 _d218608 |
||